| 000 | 00532cam a2200145 4500500 | ||
|---|---|---|---|
| 005 | 20260405003334.0 | ||
| 041 | _afre | ||
| 042 | _adc | ||
| 100 | 1 | 0 |
_aMellet, Kevin _eauthor |
| 245 | 0 | 0 | _aLee McGuigan, Selling the American People: Advertising, Optimization, and the Origins of Adtech, Cambridge, MIT Press, 2023, 338 p. |
| 260 | _c2024. | ||
| 500 | _a2 | ||
| 786 | 0 | _nRéseaux | 245 | 3 | 2024-09-30 | p. 349-353 | 0751-7971 | |
| 856 | 4 | 1 | _uhttps://shs.cairn.info/revue-reseaux-2024-3-page-349?lang=fr&redirect-ssocas=7080 |
| 999 |
_c2066630 _d2066630 |
||